đź“–150premiers mots"Et monter lentement dans un immense amour"#1 Pancol - Statistiques

Statistiques générales
  • Ce quiz a Ă©tĂ© pris 11 fois
  • Le rĂ©sultat moyen est 82 sur 150
Statistiques - réponses
Mots % Correct
d'
100%
d'...
100%
de
100%
et
100%
et,
100%
oĂą
100%
a
91%
Ă 
91%
C'
91%
c'
91%
elle
91%
Elle
91%
il
91%
l'
91%
La
91%
la
91%
le
91%
les
91%
n'
91%
pour
91%
qu'
91%
s'
91%
sa
91%
un
91%
une
91%
est
82%
qui,
82%
se
82%
son
82%
avoir
73%
dans
73%
en
73%
femme,
73%
femme
73%
ne
73%
plus
73%
ses
73%
comme
64%
lui
64%
sur
64%
sûr
64%
tout
55%
très
55%
faute,
45%
grande
45%
sous
45%
avant
36%
mains-
36%
petite
36%
sait.
36%
va
36%
approche
27%
corps
27%
encore,
27%
œil,
27%
œil
27%
pièce,
27%
reste
27%
vers
27%
air,
18%
bras
18%
enfant
18%
étrangler
18%
puis
18%
robe
18%
avale
9%
avance,
9%
couvertures,
9%
grise,
9%
larmes,
9%
lit
9%
respirer.
9%
vĂŞtue
9%
agi,
0%
ample
0%
battoirs.
0%
bĂŞte
0%
Cyclope
0%
débat,
0%
dilate
0%
dirige
0%
ébranle
0%
enfle
0%
énorme,
0%
énorme
0%
failli.
0%
gonflé
0%
haute
0%
honte,
0%
honte
0%
huître,
0%
jette
0%
laiteux
0%
mal
0%
montgolfière
0%
pousse
0%
puissantes
0%
ramassée
0%
réfugiée
0%
repousser
0%
reproches,
0%
trouble
0%
vacille,
0%
Aucun quiz correspondant
Distribution des résultats
% des personnes avec chaque résultat
Percentile par nombre de réponses
Votre historique - résultats
Vous n’avez pas pris ce quiz